Responses for Show #7237 - Tuesday, February 16, 2016

Contestants

[<< previous game]

Zach Binney, a Ph.D. student and football analyst from Atlanta, Georgia

Manisha Parekh, a clinical psychologist from Charlotte, North Carolina

Chris Becker, a bus driver and trainer from Orlando, Florida (whose 2-day cash winnings total $27,798)

[next game >>]

Jeopardy! Round responses

SURNAMES
THE LOWER 48
YACHTS
SIMILAR-SOUNDING WORDS
HISTORY
BILLBOARD ALBUM CHART DEBUTS
    $200 8
Washington

Zach
    $200 1
green

Zach
    $200 3
(Chris: What are hive and...)

aviary & apiary

Chris
Triple Stumper
    $200 4
Bruce Springsteen

Chris
    $400 12
Einstein

Chris
    $400 2
Miami

Manisha
    $400 14
John Kennedy

Chris
    $400 16
moral & morale

Zach
    $400 20
John Wilkes Booth

Chris
    $400 5
James Taylor

Chris
    $600 17
(Monty) Hall

Zach
    $600 7
Jackson

Chris
    $600 15
The Edge

Chris
    $600 21
perimeters & parameters

Zach
    $600 22
the Boxer Rebellion

Zach
    $600 6
Alanis Morissette

Zach
    $800 18
Vietnam

Chris
    $800 9
Long Island

Manisha
    $800 27
[The end-of-round signal sounds.]

(William) Buckley (Jr.)

Zach
    $1,800 25
germanium & geranium

Zach
    $800 23
Utah

Manisha
    $800 10
Susan Boyle

Triple Stumper
    $1000 19
Rodriguez

Manisha
    $1000 13
(Zach: Oh! What is the Shenandoah?)

the Alleghenies

Zach
Triple Stumper
    $1000 26
vicious & viscous

Triple Stumper
    $1000 24
(Alex: You are right, with less than a minute to go now.)

Pyrrhus

Zach
    $1000 11
Duran Duran

Manisha

Scores at the first commercial break (after clue 15):

Chris Manisha Zach
$2,400 $2,200 $0

Scores at the end of the Jeopardy! Round:

Chris Manisha Zach
$3,600 $4,000 $5,800

Double Jeopardy! Round responses

SIR NAMES
WOMEN IN POETRY
JAPANESE POP CULTURE
UNITS OF MEASURE
FLIGHTLESS BIRDS
HOW "OD"
(Alex: Each correct response will end with those two letters.)
    $400 21
Paul McCartney

Chris
    $400 18
Elizabeth Barrett Browning

Zach
    $400 10
pinball

Chris
    $400 6
the Moon

Manisha
    $400 14
New Zealand

Chris
    $400 1
the iPod

Chris
    $800 22
(Manisha: Who is Wol... Wolens...)
(Alex: You're thinking of Wolsey? No.)

Sir Thomas More

Manisha
Triple Stumper
    $1,500 17
(Manisha: What is Evangeline?)
(Alex: No, what is [*]? Little Eva in [*].)

Uncle Tom's Cabin

Manisha
    $800 8
a bento box

Manisha
    $800 7
(Chris: What is a meter?)

a yard

Chris
Triple Stumper
    $800 15
the emperor

Manisha
    $800 2
a cod

Manisha
    $1200 23
Sir Walter Raleigh

Triple Stumper
    $1200 28
Annabel Lee

Zach
    $1200 9
(Manisha: What is sudoku?)

manga

Manisha
Triple Stumper
    $1200 11
proof

Chris
    $2,000 16
the ostrich

Manisha
    $1200 3
mod

Zach
    $1600 24
Fleming

Manisha
    $1600 29
(Zach: Who is Hiawatha?)

Evangeline

ManishaZach
    $1600 26
(Alex: With less than a minute to go.)

ToPikachu

Triple Stumper
    $1600 12
a kilometer

Chris
    $1600 19
an emu

Zach
    $1600 4
slipshod

Chris
    $2000 25
Ross

Zach
    $2000 30
the Lady of Shalott

Triple Stumper
    $2000 27
Gojira

Zach
    $2000 13
a cord

Chris
    $2000 20
a cassowary

Chris
    $2000 5
a hod

Chris

Scores at the end of the Double Jeopardy! Round:

Chris Manisha Zach
$14,800 $8,500 $12,600

[wagering suggestions for these scores]

Final Jeopardy! Round responses

HISTORIC OBJECTS
ManishaWhat is the Rosetta Stone?
$5,000
ZachWhat is the Rosetta stone?
$4,401
ChrisWhat is the Rosetta Stone?
$10,401
the Rosetta Stone

Final scores:

Chris Manisha Zach
$25,201 $13,500 $17,001
3-day champion: $52,999 3rd place: $1,000 2nd place: $2,000

Game dynamics:

Coryat scores:

Chris Manisha Zach
$14,800 $9,200 $11,600
18 R,
2 W
12 R
(including 1 DD),
3 W
(including 1 DD)
16 R
(including 1 DD),
2 W

Combined Coryat: $35,600

[game clues] [game scores] [suggest correction]

Game tape date: 2016-01-11
The J! Archive is created by fans, for fans. Scraping, republication, monetization, and malicious use prohibited; this site may use cookies and collect identifying information. See terms. The Jeopardy! game show and all elements thereof, including but not limited to copyright and trademark thereto, are the property of Jeopardy Productions, Inc. and are protected under law. This website is not affiliated with, sponsored by, or operated by Jeopardy Productions, Inc. Join the discussion at JBoard.tv.